<?xml version="1.0" encoding="UTF-8"?>
<record
    xmlns:xsi="http://www.w3.org/2001/XMLSchema-instance"
    xsi:schemaLocation="http://www.loc.gov/MARC21/slim http://www.loc.gov/standards/marcxml/schema/MARC21slim.xsd"
    xmlns="http://www.loc.gov/MARC21/slim">

  <leader>01036nam a22001697a 4500</leader>
  <controlfield tag="003">SGT</controlfield>
  <datafield tag="020" ind1=" " ind2=" ">
    <subfield code="a">9788177582284</subfield>
  </datafield>
  <datafield tag="082" ind1=" " ind2=" ">
    <subfield code="a">657,TUL</subfield>
  </datafield>
  <datafield tag="100" ind1=" " ind2=" ">
    <subfield code="a">TULSIAN,P.C</subfield>
  </datafield>
  <datafield tag="245" ind1=" " ind2=" ">
    <subfield code="a">FINANCIAL ACCOUNTING</subfield>
  </datafield>
  <datafield tag="250" ind1=" " ind2=" ">
    <subfield code="a">1ST</subfield>
  </datafield>
  <datafield tag="260" ind1=" " ind2=" ">
    <subfield code="a">NEW DELHI</subfield>
    <subfield code="b">PEARSON</subfield>
    <subfield code="c">2013</subfield>
  </datafield>
  <datafield tag="300" ind1=" " ind2=" ">
    <subfield code="a">V.P.</subfield>
  </datafield>
  <datafield tag="650" ind1=" " ind2=" ">
    <subfield code="a">MANAGEMENT ACCOUNTING </subfield>
  </datafield>
  <datafield tag="653" ind1=" " ind2=" ">
    <subfield code="a">1.	INTRODUCTION TO ACCOUNTING 2.	GENERALLY ACCEPTED ACCOUNTING PRINCIPLES 3.	ACCOUNTING STANDARDS 4.	ACCOUNTING POLICIES 5.	ACCOUNTING EQUATIONS 6.	JOURNALIZING, POSTING AND BALANCING 7.	SUBSIDIARY BOOKS I: CASH BOOK 8.	SUBSIDIARY BOOKS II: OTHER BOOKS 9.	FINANCIAL STATEMENTS 10.	FINANCIAL STATEMENTS OF NOT-FOR-PROFIT ORGANIZATION 11.	DEPRECIATION, PROVISIONS AND RESERVES 12.	VALUATION OF INVENTORY 13.	ACCOUNTING FOR PARTNERSHIP: DISSOLUTION OF A FIRM 14.	PARTNERSHIP: INSOLVENCY, PIECEMEAL DISTRIBUTION, SALE OF A FIRM, AND AMALGAMATION OF FIRMS 15.	ACCOUNTS FROM INCOMPLETE RECORDS 16.	ACCOUNTING FOR HIRE PURCHASE 17.	ACCOUNTING FOR BRANCHES 18.	USE OF COMPUTERS IN ACCOUNTIN</subfield>
  </datafield>
  <datafield tag="942" ind1=" " ind2=" ">
    <subfield code="2">ddc</subfield>
    <subfield code="c">FCM</subfield>
    <subfield code="0">4</subfield>
  </datafield>
  <datafield tag="952" ind1=" " ind2=" ">
    <subfield code="0">0</subfield>
    <subfield code="1">0</subfield>
    <subfield code="2">ddc</subfield>
    <subfield code="4">0</subfield>
    <subfield code="7">0</subfield>
    <subfield code="8">CM</subfield>
    <subfield code="a">SSSL</subfield>
    <subfield code="b">SSSL</subfield>
    <subfield code="c">DISPLAY</subfield>
    <subfield code="d">2016-06-27</subfield>
    <subfield code="e">IBH NEW DELHI</subfield>
    <subfield code="g">499.00</subfield>
    <subfield code="i">SGTU</subfield>
    <subfield code="l">17</subfield>
    <subfield code="o">657,TUL</subfield>
    <subfield code="p">CM23</subfield>
    <subfield code="r">2025-05-19 00:00:00</subfield>
    <subfield code="s">2025-05-05</subfield>
    <subfield code="w">2013-08-25</subfield>
    <subfield code="y">FCM</subfield>
    <subfield code="k">8777</subfield>
  </datafield>
  <datafield tag="999" ind1=" " ind2=" ">
    <subfield code="c">9267</subfield>
    <subfield code="d">9267</subfield>
  </datafield>
</record>
